পাঁচটি নাটক / (Record no. 38858)
[ view plain ]
| 000 -LEADER | |
|---|---|
| fixed length control field | 00887nam a22002417a 4500 |
| 001 - CONTROL NUMBER | |
| control field | 38858 |
| 003 - CONTROL NUMBER IDENTIFIER | |
| rucl marc code | BD-RjUL |
| 005 - DATE AND TIME OF LATEST TRANSACTION | |
| control field | 20211209052855.0 |
| 008 - FIXED-LENGTH DATA ELEMENTS--GENERAL INFORMATION | |
| fixed length control field | 131109s1965 bg | |||| 000 d ben d |
| 035 ## - SYSTEM CONTROL NUMBER | |
| System control number | (BD-RjUL)38968 |
| 040 ## - CATALOGING SOURCE | |
| Original cataloging agency | BD-RjUL |
| Language of cataloging | ben |
| Transcribing agency | BD-RjUL |
| 041 ## - LANGUAGE CODE | |
| Language code of text/sound track or separate title | ben |
| 082 ## - DEWEY DECIMAL CLASSIFICATION NUMBER | |
| Edition number | 23 |
| Classification number | 842 |
| Author mark and year | MOP 1965 |
| 100 0# - MAIN ENTRY--PERSONAL NAME | |
| Personal name | মলিয়ার |
| 9 (RLIN) | 119859 |
| 245 00 - TITLE STATEMENT | |
| Title | পাঁচটি নাটক / |
| Statement of responsibility, etc. | মলিয়ার ; অনুবাদ : শওকত ওসমান. |
| 260 ## - PUBLICATION, DISTRIBUTION, ETC. (IMPRINT) | |
| Place of publication, distribution, etc. | ঢাকা : |
| Name of publisher, distributor, etc. | বাংলা একাডেমী, |
| Date of publication, distribution, etc. | ১৯৬৫ |
| 300 ## - PHYSICAL DESCRIPTION | |
| Pagination | ২৮১ পৃ. বিভিন্ন পৃষ্ঠার মধ্যে ; |
| Illustrations | |
| Size | ১৮ সেমি. |
| 526 ## - STUDY PROGRAM INFORMATION NOTE | |
| Requested Dept. | Bengali. |
| 650 ## - SUBJECT ADDED ENTRY--TOPICAL TERM | |
| Topical term or geographic name as entry element | French drama |
| 9 (RLIN) | 119864 |
| Topical term or geographic name as entry element | French drama |
| General subdivision | Translations into Bengali |
| 9 (RLIN) | 119865 |
| 700 ## - ADDED ENTRY--PERSONAL NAME | |
| Personal name | ওসমান, শওকত. |
| 942 ## - ADDED ENTRY ELEMENTS (KOHA) | |
| Source of classification or shelving scheme | Dewey Decimal Classification |
| Koha item type | Books |
| Lost status | Source of classification or shelving scheme | Damaged status | Not for loan | Collection code | Permanent Location | Current Location | Shelving location | Date acquired | Source of acquisition | Cost, normal purchase price | Total Checkouts | Full call number | Date last seen | Date checked out | Copy number | Koha item type |
|---|---|---|---|---|---|---|---|---|---|---|---|---|---|---|---|---|
| Dewey Decimal Classification | Non-fiction | Central Library, University of Rajshahi | Central Library, University of Rajshahi | 26/06/1970 | Paragon Book | 7.00 | 1 | B 842 MOP 1965 | 28/03/2016 | 28/03/2016 | C-2 | Books | ||||
| Dewey Decimal Classification | Non-fiction | Central Library, University of Rajshahi | Central Library, University of Rajshahi | 26/06/1970 | Paragon Book | 7.00 | 1 | B 842 MOP 1965 | 30/07/2019 | 23/05/2019 | C-3 | Books | ||||
| Dewey Decimal Classification | Non-fiction | Central Library, University of Rajshahi | Central Library, University of Rajshahi | 27/06/1970 | N/A | 7.00 | B 842 MOP 1965 | 24/11/2016 | C-4 | Books | ||||||
| Dewey Decimal Classification | Not For Loan | Non-fiction | Central Library, University of Rajshahi | Central Library, University of Rajshahi | Reading Room | 01/07/1968 | Nawroge | 7.00 | B 842 MOP 1965 | 02/02/2017 | C-1 | Books | ||||
| Dewey Decimal Classification | Non-fiction | Central Library, University of Rajshahi | Central Library, University of Rajshahi | 16/02/2017 | 1968-07-03 | 9.00 | B 842 MOP 1965 | 16/02/2017 | C-5 | Books | ||||||
| Dewey Decimal Classification | Non-fiction | Central Library, University of Rajshahi | Central Library, University of Rajshahi | 26/06/1970 | Pak book | 7.00 | B 842 MOP 1965 | 27/02/2017 | C-6 | Books |